[Event "BL 1415 SC Eppingen - SG Solingen"]
[Site "?"]
[Date "2015.03.14"]
[Round "12.6"]
[White "Medvegy, Zoltan"]
[Black "Appel, Ralf"]
[Result "1-0"]
[WhiteElo "2526"]
[BlackElo "2524"]
[PlyCount "107"]
[EventDate "2015.??.??"]

1. c4 c5 2. Nf3 g6 3. d4 cxd4 4. Nxd4 Bg7 5. e4 Nf6 6. Nc3 O-O 7. Be2 d6 8. O-O
b6 9. Bf3 e5 10. Nc2 Be6 11. b3 Qd7 12. Ba3 Rd8 13. Qe2 Na6 14. Rfd1 Nc5 15.
Rd2 Bf8 16. Ne3 Rac8 17. Rad1 Qb7 18. Ng4 Ne8 19. Bb2 Bg7 20. Ne3 h5 21. g3 f6
22. Bg2 Bh6 23. Ncd5 Qf7 24. f4 Bd7 25. Rf1 Qh7 26. Rdd1 Rb8 27. Ba1 Bg7 28.
Ne7+ Kh8 29. f5 g5 30. Ng6+ Kg8 31. Nd5 Bf8 32. b4 Nb7 33. h3 Rdc8 34. Bf3 Nd8
35. Bxh5 Nf7 36. Nge7+ Bxe7 37. Nxe7+ Kf8 38. Nxc8 Rxc8 39. b5 Nd8 40. Bxe8
Kxe8 41. Rxd6 Qxh3 42. Rfd1 Qxg3+ 43. Qg2 Qxg2+ 44. Kxg2 Rc7 45. Rxf6 Rxc4 46.
Rfd6 Rc7 47. Bxe5 Nf7 48. Re6+ Bxe6 49. Bxc7 Bxa2 50. Rc1 Bb3 51. Kf3 Ba4 52.
e5 Nh6 53. Ke4 Bxb5 54. Bd6 1-0

[Event "BL 1415 SC Eppingen - SG Solingen"]
[Site "?"]
[Date "2015.03.14"]
[Round "12.7"]
[White "Andersen, Mads"]
[Black "Noe, Christopher"]
[Result "1-0"]
[WhiteElo "2473"]
[BlackElo "2361"]
[PlyCount "169"]
[EventDate "2015.??.??"]

1. d4 Nf6 2. c4 e6 3. Nf3 c5 4. d5 exd5 5. cxd5 d6 6. Nc3 g6 7. Bf4 Bg7 8. Qa4+
Bd7 9. Qb3 b5 10. Bxd6 Qb6 11. Be5 O-O 12. e3 c4 13. Qd1 Na6 14. a4 Nb4 15. Be2
Bf5 16. O-O Bd3 17. axb5 Rfd8 18. Bxd3 cxd3 19. e4 Re8 20. Bd4 Qb7 21. Ra4 a5
22. bxa6 Rxa6 23. Bc5 Rxa4 24. Qxa4 Nc2 25. e5 Nd7 26. Bd6 Rc8 27. Qb5 Qxb5 28.
Nxb5 Nb6 29. Rd1 Nxd5 30. Rxd3 Nd4 31. h3 Nxf3+ 32. Rxf3 Rc1+ 33. Kh2 Re1 34.
Nc7 Bxe5+ 35. Bxe5 Rxe5 36. Nxd5 Rxd5 37. b4 Kf8 38. Rb3 Ke7 39. Kg3 Rg5+ 40.
Kf3 Kd6 41. g4 h5 42. Kf4 Rb5 43. Rd3+ Ke6 44. Rd4 hxg4 45. hxg4 g5+ 46. Ke4
Re5+ 47. Kd3 f5 48. gxf5+ Rxf5 49. Ke2 Ke5 50. Rd2 Rf4 51. Rb2 Kd6 52. b5 Kc7
53. b6+ Kb7 54. Kf1 Rf5 55. Kg2 Rc5 56. Kg3 Rd5 57. Kg4 Rc5 58. Rb3 Re5 59. Re3
Rd5 60. Re6 Rd2 61. Rf6 Rd5 62. f3 Ka6 63. Re6 Kb7 64. Rg6 Rd3 65. Rf6 Rd5 66.
Rf5 Rd1 67. Kxg5 Kxb6 68. Re5 Rg1+ 69. Kf5 Kc6 70. f4 Rf1 71. Kg5 Kd6 72. Re2
Rg1+ 73. Kf6 Kd7 74. f5 Rf1 75. Kg6 Rg1+ 76. Kf7 Kd6 77. f6 Kd7 78. Rd2+ Kc7
79. Kf8 Rf1 80. f7 Rg1 81. Rd4 Rg2 82. Ke7 Re2+ 83. Kf6 Rf2+ 84. Ke6 Rf1 85.
Rd5 1-0

[Event "BL 1415 SC Eppingen - SG Solingen"]
[Site "?"]
[Date "2015.03.14"]
[Round "12.8"]
[White "Bay, Nicolai"]
[Black "Wegerle, Joerg"]
[Result "0-1"]
[WhiteElo "1975"]
[BlackElo "2434"]
[PlyCount "82"]
[EventDate "2015.??.??"]

1. e4 c5 2. c3 Nf6 3. e5 Nd5 4. g3 d6 5. exd6 e6 6. Bg2 Bxd6 7. Ne2 O-O 8. O-O
Nc6 9. d4 Nf6 10. dxc5 Bxc5 11. Nd2 Qc7 12. Nc4 e5 13. Be3 Be7 14. Bd2 Bf5 15.
Ne3 Bd3 16. Re1 Rad8 17. Nc1 Bg6 18. Nb3 e4 19. Ng4 Nd5 20. Qe2 f5 21. Ne3 Nf6
22. Nf1 Bh5 23. Qc4+ Bf7 24. Qe2 Ne5 25. Bf4 Bd6 26. Nd4 Bc4 27. Qc2 Nd3 28.
Bxd6 Rxd6 29. Red1 Qc5 30. Ne3 f4 31. Nxc4 Qxc4 32. Bxe4 Nxb2 33. Bxh7+ Nxh7
34. Qxb2 Rb6 35. Qd2 Ng5 36. Rab1 Rh6 37. h4 Nh3+ 38. Kg2 fxg3 39. Kxg3 Nxf2
40. Re1 Rg6+ 41. Qg5 Rxg5+ 0-1

[Event "BL 1415 USV TU Dresden - Bayern Münche"]
[Site "?"]
[Date "2015.03.14"]
[Round "12.1"]
[White "Bischoff, Klaus"]
[Black "Almasi, Zoltan"]
[Result "0-1"]
[WhiteElo "2496"]
[BlackElo "2695"]
[PlyCount "62"]
[EventDate "2015.??.??"]

1. d4 Nf6 2. c4 e6 3. Nf3 b6 4. Nc3 Bb7 5. a3 g6 6. Qc2 Bxf3 7. gxf3 Nc6 8. e3
Bg7 9. Bd2 O-O 10. O-O-O Ne7 11. Kb1 d5 12. cxd5 exd5 13. Ba6 c6 14. Rc1 Rb8
15. Rhd1 Ne8 16. Na2 Nc7 17. Be2 Ne6 18. Be1 c5 19. dxc5 bxc5 20. Nc3 Qe8 21.
Rd2 c4 22. Ka2 d4 23. exd4 Nxd4 24. Qe4 Nb3 25. Rdd1 Nxc1+ 26. Rxc1 Nf5 27.
Bxc4 Qd8 28. Bf1 Re8 29. Qc2 Nd4 30. Qd3 Qf6 31. Ne4 Qxf3 0-1

[Event "BL 1415 USV TU Dresden - Bayern Münche"]
[Site "?"]
[Date "2015.03.14"]
[Round "12.2"]
[White "Gajewski, Grzegorz"]
[Black "Schenk, Andreas"]
[Result "1-0"]
[WhiteElo "2648"]
[BlackElo "2485"]
[PlyCount "61"]
[EventDate "2015.??.??"]

1. c4 e5 2. g3 c6 3. d4 Bb4+ 4. Bd2 Bxd2+ 5. Qxd2 d6 6. Nc3 Nf6 7. Nf3 e4 8.
Ng5 d5 9. cxd5 cxd5 10. f3 h6 11. Nh3 exf3 12. exf3 Bxh3 13. Bxh3 O-O 14. O-O-O
Nc6 15. g4 Re8 16. Kb1 Qe7 17. Rhe1 Qd6 18. Nb5 Qd7 19. Rg1 Re7 20. Bf1 a6 21.
Nc3 Nh7 22. h4 Nf8 23. f4 Ne6 24. f5 Nexd4 25. Bg2 Rae8 26. Bxd5 Ne2 27. Rgf1
Re5 28. Nxe2 Rxe2 29. Qf4 Qe7 30. f6 Qxf6 31. Bxf7+ 1-0

[Event "BL 1415 USV TU Dresden - Bayern Münche"]
[Site "?"]
[Date "2015.03.14"]
[Round "12.3"]
[White "Fedorovsky, Michael"]
[Black "Bartel, Mateusz"]
[Result "1-0"]
[WhiteElo "2444"]
[BlackElo "2627"]
[PlyCount "53"]
[EventDate "2015.??.??"]

1. d4 e6 2. c4 b6 3. e4 Bb7 4. Bd3 Nc6 5. Ne2 g6 6. Nbc3 Bg7 7. Be3 Nf6 8. h3
O-O 9. Qd2 a5 10. O-O e5 11. d5 Nb4 12. Bb1 Ne8 13. a3 Na6 14. Na4 f5 15. Bg5
Bf6 16. Bh6 Ng7 17. exf5 gxf5 18. Ng3 e4 19. f3 Be5 20. fxe4 fxe4 21. Rxf8+
Qxf8 22. Nxe4 Nc5 23. Naxc5 bxc5 24. Bd3 Ra6 25. Rf1 Qe8 26. Be3 Rb6 27. Bxc5
1-0

[Event "BL 1415 USV TU Dresden - Bayern Münche"]
[Site "?"]
[Date "2015.03.14"]
[Round "12.4"]
[White "Socko, Bartosz"]
[Black "Jorczik, Julian"]
[Result "1-0"]
[WhiteElo "2623"]
[BlackElo "2385"]
[PlyCount "81"]
[EventDate "2015.??.??"]

1. d4 Nf6 2. c4 g6 3. Nf3 Bg7 4. g3 O-O 5. Bg2 d6 6. O-O c6 7. Nc3 Qb6 8. b3 e5
9. Bb2 e4 10. Ne1 d5 11. Nc2 Re8 12. c5 Qc7 13. b4 Bf5 14. Bc1 Qc8 15. b5 Qe6
16. Nb4 a5 17. bxa6 Nxa6 18. Nxa6 Rxa6 19. Rb1 e3 20. Rxb7 Ng4 21. f3 Nf2 22.
Rxf2 exf2+ 23. Kxf2 Ra3 24. Rb3 Rxb3 25. axb3 h5 26. e3 Bh3 27. Bh1 Bh6 28. f4
Bg4 29. Qd2 Rb8 30. b4 Rxb4 31. Nxd5 Rb3 32. Nb6 Qe8 33. Qc2 Rb4 34. d5 Bg7 35.
dxc6 Bf5 36. Qd2 Rb1 37. c7 Qe7 38. Qd8+ Bf8 39. Qxe7 Bxe7 40. Be4 Rxc1 41.
Bxf5 1-0

[Event "BL 1415 USV TU Dresden - Bayern Münche"]
[Site "?"]
[Date "2015.03.14"]
[Round "12.5"]
[White "Richter, Wolfgang"]
[Black "Dziuba, Marcin"]
[Result "0-1"]
[WhiteElo "2391"]
[BlackElo "2560"]
[PlyCount "57"]
[EventDate "2015.??.??"]

1. d4 f5 2. Nc3 d5 3. Bg5 c6 4. Qd2 g6 5. f3 Bg7 6. O-O-O h6 7. Bh4 Nf6 8. e4
fxe4 9. fxe4 dxe4 10. Bc4 g5 11. Bg3 b5 12. Bb3 a5 13. a4 b4 14. Nb1 Bf5 15. h4
g4 16. Be5 Nbd7 17. Ne2 h5 18. Rhf1 Bg6 19. Nf4 Bh6 20. Qe2 Nxe5 21. dxe5 Qc7
22. Qd2 Nd7 23. Nxg6 Bxd2+ 24. Nxd2 O-O-O 25. Nxh8 Rxh8 26. Be6 e3 27. Bxd7+
Qxd7 28. Nc4 Qe6 29. Nxe3 0-1

[Event "BL 1415 USV TU Dresden - Bayern Münche"]
[Site "?"]
[Date "2015.03.14"]
[Round "12.6"]
[White "Maiwald, Jens-Uwe"]
[Black "Meister, Peter"]
[Result "0-1"]
[WhiteElo "2464"]
[BlackElo "2395"]
[PlyCount "100"]
[EventDate "2015.??.??"]

1. e4 g6 2. d4 Bg7 3. c3 d6 4. Bg5 Nf6 5. Nd2 h6 6. Bh4 O-O 7. Ngf3 Qe8 8. Bc4
e5 9. dxe5 dxe5 10. O-O Nbd7 11. a4 Nc5 12. Bxf6 Bxf6 13. b4 Ne6 14. a5 Bd7 15.
g3 h5 16. Qe2 h4 17. Qe3 Kg7 18. Bd5 c6 19. Bb3 Qe7 20. Nc4 Nc7 21. gxh4 Bg4
22. Kh1 Rh8 23. Rg1 Be6 24. Rg2 Bxc4 25. Bxc4 Bxh4 26. Rd1 Bf6 27. Qc5 Rhd8 28.
Rgg1 Qxc5 29. bxc5 a6 30. Rd6 Nb5 31. Bxb5 axb5 32. Ra1 Rxd6 33. cxd6 Kf8 34.
Nd2 Ke8 35. Nb3 Bd8 36. Kg2 Kd7 37. Nc5+ Kc8 38. Nb3 b6 39. f4 exf4 40. e5 bxa5
41. Kf3 Bb6 42. Kxf4 a4 43. Nd2 Kd7 44. Ne4 a3 45. Ng5 Ra4+ 46. Kf3 a2 47. Nxf7
Ke6 48. Ng5+ Kxe5 49. d7 Kf6 50. d8=B+ Bxd8 0-1

[Event "BL 1415 USV TU Dresden - Bayern Münche"]
[Site "?"]
[Date "2015.03.14"]
[Round "12.7"]
[White "Stangl, Markus"]
[Black "Tischbierek, Raj"]
[Result "1/2-1/2"]
[WhiteElo "2434"]
[BlackElo "2426"]
[PlyCount "68"]
[EventDate "2015.??.??"]

1. Nf3 d5 2. d4 Nf6 3. c4 c6 4. Nc3 dxc4 5. a4 Na6 6. e4 Bg4 7. Bxc4 Bxf3 8.
gxf3 e6 9. Be3 Nb4 10. a5 Be7 11. Qb3 b5 12. axb6 axb6 13. O-O O-O 14. Ra3 b5
15. Be2 Na6 16. Ra2 Nb4 17. Ra3 Na6 18. Raa1 Qb8 19. Rfc1 Qb7 20. d5 exd5 21.
exd5 Nc5 22. Qc2 cxd5 23. Nxb5 Ne6 24. Rxa8 Rxa8 25. Qc6 Qxc6 26. Rxc6 Rb8 27.
Ba7 Rb7 28. Rc8+ Bf8 29. Bb8 g6 30. Be5 Nd7 31. Bc3 Nb6 32. Re8 Ng7 33. Rd8 Ne6
34. Re8 Ng7 1/2-1/2

[Event "BL 1415 USV TU Dresden - Bayern Münche"]
[Site "?"]
[Date "2015.03.14"]
[Round "12.8"]
[White "Roos, Michael"]
[Black "Zajogin, Alexander"]
[Result "1/2-1/2"]
[WhiteElo "2362"]
[BlackElo "2376"]
[PlyCount "64"]
[EventDate "2015.??.??"]

1. Nf3 Nf6 2. c4 e6 3. Nc3 Bb4 4. Qc2 O-O 5. a3 Bxc3 6. Qxc3 b6 7. e3 c5 8. Be2
Nc6 9. b4 cxb4 10. axb4 Bb7 11. Bb2 d6 12. O-O b5 13. cxb5 Ne7 14. Ra5 e5 15.
d3 Qb6 16. Qa3 Nfd5 17. d4 f6 18. Nd2 Nc8 19. Rc1 Kh8 20. Bf3 Qd8 21. b6 Ncxb6
22. Qb3 Rc8 23. Rb1 Qc7 24. Rxa7 Qb8 25. Ra5 Ne7 26. Bg4 Rc7 27. Be6 Qe8 28. e4
Nc6 29. dxe5 fxe5 30. Raa1 Nd4 31. Bxd4 exd4 32. Qh3 Rc3 1/2-1/2

[Event "BL 1415 Schachfr. Berlin - Schwäbisch "]
[Site "?"]
[Date "2015.03.14"]
[Round "12.3"]
[White "Laznicka, Viktor"]
[Black "Kraemer, Martin"]
[Result "1-0"]
[WhiteElo "2664"]
[BlackElo "2577"]
[PlyCount "137"]
[EventDate "2015.??.??"]

1. d4 Nf6 2. c4 e6 3. Nf3 b6 4. a3 Bb7 5. Nc3 d5 6. Bf4 Bd6 7. Bg3 O-O 8. cxd5
Nxd5 9. Nxd5 Bxd5 10. Qc2 Nd7 11. e4 Bb7 12. e5 Be7 13. Bd3 h6 14. Bh7+ Kh8 15.
Be4 Bxe4 16. Qxe4 a5 17. O-O a4 18. Rac1 Ra5 19. Rfd1 Rd5 20. Qc2 b5 21. Qxc7
Nb6 22. Qxd8 Rfxd8 23. Rc7 R8d7 24. Rxd7 Rxd7 25. Bf4 g5 26. Bc1 g4 27. Ne1 Nc4
28. f4 gxf3 29. Nxf3 Bg5 30. Nxg5 hxg5 31. Bxg5 Kh7 32. Bc1 Nxe5 33. Kf2 f5 34.
Ke2 Nc4 35. Kd3 e5 36. Kc3 Rd5 37. Rd3 e4 38. Rh3+ Kg7 39. g4 e3 40. Bxe3 fxg4
41. Rg3 Kf6 42. Bc1 Kf5 43. Rg2 Rd7 44. Rf2+ Ke6 45. Re2+ Kf5 46. Kb4 Rxd4 47.
Kxb5 Nd6+ 48. Ka5 Nb7+ 49. Kb6 Nd6 50. Bh6 Ne4 51. Kb5 Nd6+ 52. Kc5 Rd3 53. Bf8
Ne4+ 54. Kb5 Rd8 55. Bb4 Ra8 56. Rc2 Ke5 57. Ba5 Nd6+ 58. Kxa4 Kd5 59. b4 Nc4
60. Rc1 Ra7 61. Rg1 Nxa5 62. bxa5 Rg7 63. Kb5 Rb7+ 64. Ka6 Rb2 65. Rxg4 Rxh2
66. Kb5 Ra2 67. a6 Rxa3 68. Rb4 Kd6 69. Kb6 1-0

[Event "BL 1415 Schachfr. Berlin - Schwäbisch "]
[Site "?"]
[Date "2015.03.14"]
[Round "12.5"]
[White "Gharamian, Tigran"]
[Black "Schneider, Ilja"]
[Result "1/2-1/2"]
[WhiteElo "2651"]
[BlackElo "2495"]
[PlyCount "40"]
[EventDate "2015.??.??"]

1. e4 e5 2. Nf3 d6 3. d4 exd4 4. Nxd4 Nf6 5. Nc3 Be7 6. Be2 O-O 7. Bf4 Re8 8.
Qd2 Bf8 9. f3 c6 10. O-O-O d5 11. exd5 Nxd5 12. Bc4 Nxc3 13. Qxc3 Qf6 14. Qd2
Nd7 15. Bg5 Qd6 16. Bf4 Qb4 17. Qxb4 Bxb4 18. c3 Bf8 19. Rhe1 Rxe1 20. Rxe1 Nb6
1/2-1/2

[Event "BL 1415 Schachfr. Berlin - Schwäbisch "]
[Site "?"]
[Date "2015.03.14"]
[Round "12.6"]
[White "Maksimenko"]
[Black "Zeller, Frank"]
[Result "0-1"]
[WhiteElo "2495"]
[BlackElo "2409"]
[PlyCount "94"]
[EventDate "2015.??.??"]

1. d4 Nf6 2. Nf3 e6 3. c4 c5 4. d5 d6 5. Nc3 exd5 6. cxd5 g6 7. Bf4 a6 8. a4
Bg7 9. e4 O-O 10. Be2 Qe7 11. Nd2 Nbd7 12. O-O Rb8 13. Nc4 Ne8 14. Qd2 Ne5 15.
Nb6 Nd7 16. Nc4 Ne5 17. Ne3 Bd7 18. Bg3 f5 19. f4 Nf7 20. exf5 gxf5 21. Kh1 Nf6
22. Bd3 Nh6 23. Bh4 Qf7 24. Nc4 Qh5 25. Bg3 Qg6 26. Rae1 b5 27. axb5 axb5 28.
Na5 b4 29. Nd1 Ne4 30. Bxe4 fxe4 31. Nc6 Rbe8 32. Ne3 Nf5 33. Nxf5 Rxf5 34. Bh4
Qf7 35. Rd1 e3 36. Qe2 Kh8 37. Nd8 Qg8 38. Nb7 Qf8 39. b3 Bb5 40. Qxb5 e2 41.
Bg3 exf1=Q+ 42. Qxf1 Ra8 43. Qb5 Rxd5 44. Rf1 Ra1 45. Rxa1 Bxa1 46. Qe2 Qa8 47.
Na5 Bc3 0-1

[Event "BL 1415 Schachfr. Berlin - Schwäbisch "]
[Site "?"]
[Date "2015.03.14"]
[Round "12.7"]
[White "Womacka, Mathias"]
[Black "Moreno Tejera, Emilio"]
[Result "1-0"]
[WhiteElo "2442"]
[BlackElo "2454"]
[PlyCount "87"]
[EventDate "2015.??.??"]

1. e4 c5 2. Nf3 d6 3. d4 cxd4 4. Nxd4 Nf6 5. Nc3 Nc6 6. Be2 e5 7. Nf3 h6 8. O-O
Be7 9. Re1 O-O 10. h3 Qc7 11. Bf1 a6 12. b3 Nd4 13. Bb2 Nxf3+ 14. Qxf3 b5 15.
Bd3 Bb7 16. a4 b4 17. Nd1 Nd7 18. Ne3 Nc5 19. Nf5 Kh7 20. Rad1 Nxd3 21. cxd3
Rfe8 22. Rc1 Qd8 23. Ne3 Kg8 24. Nd5 Bg5 25. Rc4 Rc8 26. Rxb4 Bxd5 27. exd5 Qa5
28. Ba3 Bc1 29. Rxc1 Rxc1+ 30. Kh2 Rc7 31. Rg4 Kh8 32. Bxd6 Rd7 33. Rxg7 Kxg7
34. Qg4+ Kf6 35. Qf3+ Kg7 36. Qg4+ Kf6 37. Qxd7 Qd8 38. Qc6 Kg7 39. Bc7 Qg5 40.
g3 Qf5 41. Kg1 Re7 42. d6 Rd7 43. Qxa6 Qxh3 44. Qc4 1-0

[Event "BL 1415 Schachfr. Berlin - Schwäbisch "]
[Site "?"]
[Date "2015.03.14"]
[Round "12.8"]
[White "Thiede, Lars"]
[Black "Raykhman, Alexander"]
[Result "1/2-1/2"]
[WhiteElo "2441"]
[BlackElo "2412"]
[PlyCount "48"]
[EventDate "2015.??.??"]

1. g3 g6 2. c4 Bg7 3. Bg2 Nf6 4. Nc3 O-O 5. d3 d6 6. Nf3 h6 7. O-O e5 8. Rb1 a5
9. a3 Re8 10. e4 c6 11. Re1 Na6 12. h3 Nc5 13. b4 axb4 14. axb4 Ne6 15. b5 Nd7
16. Be3 Ra3 17. Rb3 Qa5 18. bxc6 bxc6 19. Rxa3 Qxa3 20. Qa1 Qxa1 21. Rxa1 Ndc5
22. Bf1 Bd7 23. Ra7 Rb8 24. Na4 Nxa4 1/2-1/2

[Event "BL 1415 Hansa Dortmund - Werder Bremen"]
[Site "?"]
[Date "2015.03.14"]
[Round "12.2"]
[White "Anton Guijarro, David"]
[Black "Edouard, Romain"]
[Result "1/2-1/2"]
[WhiteElo "2614"]
[BlackElo "2612"]
[PlyCount "100"]
[EventDate "2015.??.??"]

1. e4 e6 2. d4 d5 3. Nd2 c5 4. Ngf3 cxd4 5. Nxd4 Nf6 6. exd5 Qxd5 7. Nb5 Na6 8.
Nc3 Qd8 9. a3 Bd7 10. Bxa6 bxa6 11. Qe2 Qc8 12. O-O Be7 13. Rd1 O-O 14. Nb3 Re8
15. Be3 e5 16. Bg5 e4 17. h3 h6 18. Bf4 Bf5 19. Rd4 Bg6 20. Ra4 Nh5 21. Be3 Bf6
22. Qxa6 Bxc3 23. Qxc8 Raxc8 24. bxc3 Rxc3 25. Rxa7 f5 26. Nd4 Rec8 27. Ne2
Rxc2 28. Nf4 Nxf4 29. Bxf4 Bh5 30. h4 R8c6 31. a4 Rg6 32. Rc7 Rxc7 33. Bxc7 Bf3
34. Bg3 Be2 35. a5 Ba6 36. Be5 Rc6 37. h5 Kf7 38. Bf4 g5 39. hxg6+ Kxg6 40. Ra3
h5 41. Rb3 Kf7 42. Be3 Rf6 43. Rc3 f4 44. Rc7+ Kg6 45. Bd2 Rf7 46. Rxf7 Kxf7
47. Bxf4 Ke6 48. Bh2 Kd7 49. Bg3 Kc6 50. Kh2 Kb7 1/2-1/2

[Event "BL 1415 Hansa Dortmund - Werder Bremen"]
[Site "?"]
[Date "2015.03.14"]
[Round "12.3"]
[White "Efimenko, Zahar"]
[Black "Henrichs, Thomas"]
[Result "1-0"]
[WhiteElo "2657"]
[BlackElo "2472"]
[PlyCount "65"]
[EventDate "2015.??.??"]

1. e4 d6 2. d4 Nf6 3. Nc3 g6 4. g3 Bg7 5. Bg2 O-O 6. Nge2 e5 7. h3 a6 8. a4
exd4 9. Nxd4 b6 10. O-O Bb7 11. Nd5 Nbd7 12. c4 Re8 13. Re1 Rb8 14. Nc3 Nc5 15.
f3 Nfd7 16. Be3 Ne5 17. Bf1 f5 18. f4 Nc6 19. Nxc6 Bxc6 20. exf5 gxf5 21. Bg2
Qd7 22. Bxc6 Qxc6 23. Nd5 Bxb2 24. Ra2 Bg7 25. g4 Ne4 26. gxf5 Qxc4 27. Rc2 Qb3
28. f6 c6 29. Ne7+ Rxe7 30. fxe7 c5 31. Bxc5 d5 32. Rxe4 dxe4 33. Qd8+ 1-0

[Event "BL 1415 Hansa Dortmund - Werder Bremen"]
[Site "?"]
[Date "2015.03.14"]
[Round "12.4"]
[White "Markus, Robert"]
[Black "Hracek, Zbynek"]
[Result "1/2-1/2"]
[WhiteElo "2615"]
[BlackElo "2631"]
[PlyCount "153"]
[EventDate "2015.??.??"]

1. d4 d5 2. c4 c6 3. Nc3 dxc4 4. e3 b5 5. a4 b4 6. Ne4 Qd5 7. Nd2 c3 8. bxc3
bxc3 9. Nb1 e5 10. Nxc3 Bb4 11. Bd2 Qa5 12. Ne4 Nf6 13. Nxf6+ gxf6 14. Nf3
Bxd2+ 15. Qxd2 Qxd2+ 16. Kxd2 Bg4 17. Be2 Nd7 18. Rhc1 Rc8 19. Rc3 Ke7 20. Nxe5
Nxe5 21. dxe5 Rhd8+ 22. Ke1 Bd7 23. exf6+ Kxf6 24. Rac1 Rc7 25. Rc5 Rb8 26. Bf3
h6 27. Kd2 Rb2+ 28. R1c2 Rxc2+ 29. Kxc2 Ke7 30. Kc3 f5 31. e4 Kd6 32. Ra5 fxe4
33. Bxe4 Be8 34. g4 Bf7 35. h4 Bd5 36. f3 Ke5 37. g5 hxg5 38. hxg5 Kf4 39. g6
Bxe4 40. fxe4 Rg7 41. Kd4 Rd7+ 42. Kc4 Rg7 43. Rf5+ Kxe4 44. Rf6 Ke5 45. Rxc6
Rb7 46. a5 Kf5 47. Kc5 Kg5 48. Rd6 Rc7+ 49. Kb5 Kf5 50. Ka6 Re7 51. Rd8 Kxg6
52. Ra8 Rf7 53. Rb8 Re7 54. Rb7 Re5 55. Rxa7 Re6+ 56. Kb5 Re5+ 57. Kb6 Re6+ 58.
Kc5 Re5+ 59. Kd6 Rf5 60. a6 Rf6+ 61. Ke5 Rf5+ 62. Ke4 Rf6 63. Ra8 Kg7 64. Kd4
Rc6 65. Ke5 Rb6 66. Kd5 Rf6 67. Ra7+ Kg6 68. Kd4 Rc6 69. Ra8 Kg7 70. Ra7+ Kg6
71. Ke5 Rb6 72. Kd5 Rf6 73. Ke4 Rb6 74. Ke5 Rc6 75. Rd7 Rxa6 76. Rd6+ Rxd6 77.
Kxd6 1/2-1/2

[Event "BL 1415 Hansa Dortmund - Werder Bremen"]
[Site "?"]
[Date "2015.03.14"]
[Round "12.5"]
[White "Babula, Vlastimil"]
[Black "Heberla, Bartlomiej"]
[Result "1/2-1/2"]
[WhiteElo "2545"]
[BlackElo "2567"]
[PlyCount "138"]
[EventDate "2015.??.??"]

1. d4 d5 2. Nf3 Nf6 3. c4 dxc4 4. e3 g6 5. Bxc4 Bg7 6. O-O O-O 7. Nc3 Nfd7 8.
Bb3 Nb6 9. d5 c6 10. e4 Bg4 11. h3 Bxf3 12. Qxf3 N8d7 13. Rd1 cxd5 14. exd5 Nc8
15. Bg5 h6 16. Bf4 Nd6 17. Rd2 Nc5 18. Re1 Nxb3 19. axb3 Re8 20. Rde2 Nf5 21.
Be5 Qb6 22. g4 Nd4 23. Bxd4 Bxd4 24. Rxe7 Rxe7 25. Rxe7 Bf6 26. Rd7 Rf8 27. d6
Be5 28. Nd5 Qd4 29. Kg2 a5 30. h4 Kg7 31. h5 gxh5 32. gxh5 Kh8 33. Ne7 Bf6 34.
Nf5 Qd2 35. Rxb7 Rg8+ 36. Kh3 Qe1 37. Ne3 Be5 38. Re7 Bf4 39. d7 Qg1 40. Ng4
Qf1+ 41. Qg2 Qd3+ 42. f3 Qf5 43. Qf2 Qxh5+ 44. Kg2 Qd5 45. Re8 Bg5 46. Qg3 Qd2+
47. Nf2 Qxd7 48. Rxg8+ Kxg8 49. f4 Qd5+ 50. Kh2 Kf8 51. fxg5 hxg5 52. b4 axb4
53. Qb8+ Ke7 54. Qxb4+ Qd6+ 55. Qxd6+ Kxd6 56. Kg2 Kc5 57. Kf3 Kc4 58. Kg4 f6
59. Kf5 Kb4 60. Ke4 Kb3 61. Nd3 g4 62. Ke3 f5 63. Kf4 Kc4 64. Nc1 Kd4 65. Nb3+
Kc4 66. Nc1 Kd4 67. Kxf5 g3 68. Ne2+ Kc4 69. Nxg3 Kb3 1/2-1/2

[Event "BL 1415 Hansa Dortmund - Werder Bremen"]
[Site "?"]
[Date "2015.03.14"]
[Round "12.6"]
[White "Hera, Imre Jr"]
[Black "Bluebaum, Matthias"]
[Result "0-1"]
[WhiteElo "2587"]
[BlackElo "2576"]
[PlyCount "146"]
[EventDate "2015.??.??"]

1. c4 e6 2. Nf3 d5 3. g3 Nf6 4. Bg2 d4 5. O-O c5 6. e3 Nc6 7. exd4 cxd4 8. d3
Bd6 9. Na3 e5 10. Re1 O-O 11. c5 Bc7 12. Bg5 h6 13. Bxf6 Qxf6 14. Nd2 Be6 15.
Nac4 Qd8 16. Bxc6 bxc6 17. Nxe5 Bxe5 18. Rxe5 Qb8 19. Re2 Qxb2 20. Nb3 Qa3 21.
Nxd4 Bg4 22. f3 Qxc5 23. fxg4 Qxd4+ 24. Rf2 Rab8 25. Rc1 Rb2 26. Rcc2 Rxc2 27.
Qxc2 Qxg4 28. Qxc6 Qd1+ 29. Kg2 Qxd3 30. Qb7 a6 31. h4 Qc4 32. Kh2 Re8 33. Qb3
Qc7 34. Qf3 a5 35. Qd5 Re3 36. Qg2 Qe5 37. Rd2 Re4 38. Kh3 f5 39. Qf3 Kh7 40.
Rf2 Kg6 41. Rg2 Re3 42. Qc6+ Kh7 43. h5 f4 44. Qc2+ Re4 45. g4 f3 46. Rg3 Qf4
47. Qd3 f2 48. Kg2 Kg8 49. Qd5+ Kh7 50. Qd3 Kg8 51. Qd8+ Kf7 52. Rf3 Qxf3+ 53.
Kxf3 f1=Q+ 54. Kxe4 Qe2+ 55. Kf4 Qf2+ 56. Ke4 Qxa2 57. Qd7+ Kg8 58. Qc8+ Kh7
59. Qa6 Qc2+ 60. Kf3 a4 61. Kf4 Qd2+ 62. Kf3 Qc3+ 63. Kg2 Qb2+ 64. Kg3 Qb3+ 65.
Kh4 a3 66. Qg6+ Kh8 67. Qe8+ Qg8 68. Qa4 a2 69. Kh3 Qe6 70. Qa3 Qd5 71. Qf8+
Kh7 72. Qf1 Qb3+ 73. Kh4 Qb1 0-1

[Event "BL 1415 Hansa Dortmund - Werder Bremen"]
[Site "?"]
[Date "2015.03.14"]
[Round "12.7"]
[White "Markgraf, Alexander"]
[Black "Berg, Emanuel"]
[Result "0-1"]
[WhiteElo "2498"]
[BlackElo "2545"]
[PlyCount "86"]
[EventDate "2015.??.??"]

1. e4 c5 2. Nf3 e6 3. d4 cxd4 4. Nxd4 a6 5. Bd3 Nf6 6. O-O Qc7 7. Qe2 d6 8. c4
g6 9. Nc3 Bg7 10. Rd1 O-O 11. Nf3 Nc6 12. h3 Nd7 13. Bf4 Nde5 14. Rac1 Qe7 15.
Bb1 Bd7 16. b3 Rad8 17. Nh2 f5 18. exf5 gxf5 19. Nf3 Be8 20. Nh2 Kh8 21. Kh1
Rg8 22. Be3 Qh4 23. Qd2 Bf6 24. f4 Ng6 25. Ne2 Qh5 26. Rg1 Nh4 27. g4 fxg4 28.
hxg4 Ne5 29. gxh5 Bc6+ 30. Qd5 exd5 31. Nd4 dxc4+ 32. Nxc6 Nxc6 33. bxc4 Bd4
34. Bxd4+ Nxd4 35. Rxg8+ Rxg8 36. Re1 Rg2 37. Re8+ Kg7 38. Re4 Ne2 39. Nf1 Rg1+
40. Kh2 Rxf1 41. Re7+ Kf6 42. Rxb7 Rf2+ 43. Kh3 Nf3 0-1

[Event "BL 1415 Hansa Dortmund - Werder Bremen"]
[Site "?"]
[Date "2015.03.14"]
[Round "12.8"]
[White "Zelbel, Patrick"]
[Black "Meins, Gerlef"]
[Result "1-0"]
[WhiteElo "2441"]
[BlackElo "2442"]
[PlyCount "109"]
[EventDate "2015.??.??"]

1. e4 c5 2. c3 Nf6 3. e5 Nd5 4. Nf3 Nc6 5. Bc4 e6 6. d4 cxd4 7. cxd4 d6 8. O-O
Be7 9. exd6 Qxd6 10. Nc3 O-O 11. Re1 Rd8 12. Bb3 Bd7 13. g3 Be8 14. Nxd5 exd5
15. Bf4 Qb4 16. Qd3 Rac8 17. h4 Bf6 18. Bg5 Qd6 19. Ne5 Bxg5 20. hxg5 Nxe5 21.
Rxe5 Bc6 22. Kg2 Re8 23. Rh1 g6 24. Rhe1 Rxe5 25. Rxe5 Re8 26. Rxe8+ Bxe8 27.
Qe3 Bc6 28. Qe5 Qxe5 29. dxe5 Kf8 30. Kf3 d4+ 31. Ke2 Be4 32. f3 Bc6 33. Bd1
Bb5+ 34. Kd2 Ke7 35. f4 b6 36. g4 Bc4 37. b3 Bb5 38. f5 Bd7 39. Bc2 Bc8 40. Be4
Ba6 41. Bd5 Bb5 42. a4 Ba6 43. Bc4 Bc8 44. f6+ Ke8 45. Kd3 Bxg4 46. b4 Bh3 47.
Kxd4 Bg4 48. a5 Bh3 49. Bd5 Bg4 50. Bc6+ Kd8 51. Kc4 Be2+ 52. Kd5 Kc7 53. axb6+
axb6 54. Be8 Bd1 55. Ke4 1-0

[Event "BL 1415 SF Katernberg - Turm Emsdetten"]
[Site "?"]
[Date "2015.03.14"]
[Round "12.1"]
[White "Swiercz, Dariusz"]
[Black "Romanov, Evgeny"]
[Result "1-0"]
[WhiteElo "2622"]
[BlackElo "2613"]
[PlyCount "89"]
[EventDate "2015.??.??"]

1. e4 e6 2. d4 d5 3. Nc3 Bb4 4. e5 c5 5. a3 Bxc3+ 6. bxc3 Ne7 7. Nf3 Qc7 8. a4
b6 9. Bb5+ Bd7 10. Be2 Nbc6 11. O-O Na5 12. Re1 h6 13. Bd3 c4 14. Bf1 Bc6 15.
Ba3 Qd7 16. Qc1 Nc8 17. h4 Bxa4 18. h5 Nc6 19. g3 N8e7 20. Bh3 O-O-O 21. Bd6 b5
22. Qb2 Rdg8 23. Nd2 a6 24. Nb3 Bxb3 25. cxb3 Qb7 26. Qa3 cxb3 27. Reb1 Nf5 28.
Bxf5 exf5 29. Qc5 f4 30. Rxb3 fxg3 31. fxg3 g6 32. Rba3 Kd7 33. Qxd5 a5 34.
hxg6 Nd8 35. Qxb7+ Nxb7 36. gxf7 Rxg3+ 37. Kf2 Rg5 38. f8=Q Rxf8+ 39. Bxf8 Rf5+
40. Ke3 Rxf8 41. Rh1 a4 42. Rxh6 Na5 43. Ra2 Rc8 44. Kd3 Nb3 45. Rg2 1-0

[Event "BL 1415 SF Katernberg - Turm Emsdetten"]
[Site "?"]
[Date "2015.03.14"]
[Round "12.2"]
[White "Zaragatski, Ilja"]
[Black "Spoelman, Wouter"]
[Result "1/2-1/2"]
[WhiteElo "2463"]
[BlackElo "2581"]
[PlyCount "46"]
[EventDate "2015.??.??"]

1. Nf3 d5 2. g3 Bg4 3. Bg2 Nd7 4. c4 dxc4 5. Na3 g6 6. h3 Bxf3 7. Bxf3 c6 8.
Nxc4 Bg7 9. d4 Ngf6 10. O-O O-O 11. e4 Nb6 12. Na5 Qd7 13. Bg2 Ne8 14. Be3 Nd6
15. Qb3 Nb5 16. d5 cxd5 17. exd5 Nd4 18. Bxd4 Bxd4 19. Rad1 Bg7 20. d6 exd6 21.
Nxb7 d5 22. Nc5 Qf5 23. Na4 Rab8 1/2-1/2